| 000 | 00354nam a2200145Ia 4500 | ||
|---|---|---|---|
| 008 | 230312s9999||||xx |||||||||||||| ||und|| | ||
| 020 | _a00-7068075-3 | ||
| 082 |
_a720.19 _bCHI-C |
||
| 100 | _aChitkara;K K | ||
| 245 | 0 | _aConstruction project management | |
| 260 |
_bMc graw hill _aindia _c2013 |
||
| 300 | _a771 | ||
| 650 | _aArchitecture | ||
| 942 | _cBK | ||
| 999 |
_c11736 _d11736 |
||